00284nam a2200109Ia 4500008004100000041000800041082001700049100001500066245004600081250000900127260003800136230627s9999 xx 000 0 und d amar a346.015bRAO aRao, K P R aCommentary On The Family Courts Act, 1984 a4ed. aHyderabadbGogia Law Agencyc2006